000 00964cam a2200289 i 4500
001 bg
003 KOSZ 005
005 20190925125721.0
008 990319s1999 pl a f f |000 0 pol
015 _aPB 1999/4123
020 _a8301128143
040 _aWA N
_cKOSZ 005/HR
_dKOSZ 005/HR
080 _a519.2
080 _a(075.8)
100 1 _aŁomnicki, Adam
_d(1935- ).
245 1 0 _aWprowadzenie do statystyki dla przyrodników /
_cAdam Łomnicki.
250 _aWyd. 2 popr. i uzup.
260 _aWarszawa :
_bWydaw. Naukowe PWN,
_c1999.
300 _a262, [2] s. :
_b1 rys., wykr. ;
_c21 cm.
500 _aWyd. uzup. nowymi ćwiczeniami.
504 _aBibliogr. s. 237.
655 4 _aPodręczniki akademickie
650 4 _aStatystyka matematyczna
710 2 _aWydawnictwo Naukowe PWN
_4pbl.
856 _uhttp://koha.tu.koszalin.pl/cgi-bin/koha/opac-detail.pl?biblionumber=36896
_yKatalog online BPK
942 _2UKD
_cKS
999 _c36896
_d36896